[Event "interzonal (w)"]
[Site "Chisinau MDA"]
[Date "1995.??.??"]
[Round "8"]
[White "Bojkovic, Natasa"]
[Black "Danielian, Elina"]
[Result "1-0"]
[WhiteElo "2425"]
[BlackElo "2320"]
[EventDate "1995.09.??"]
[PlyCount "75"]

1.e4 c6 2.d4 g6 3.Nd2 Bg7 4.Ngf3 d5 5.h3 Nh6 6.c3 O-O 7.Bd3 f6 8.O-O Nf7 
9.c4 dxe4 10.Nxe4 Nd7 11.Bf4 e5 12.dxe5 Ndxe5 13.Nxe5 Nxe5 14.Be2 f5 15.
Nd6 Be6 16.Nxb7 Qh4 17.Qc1 Rab8 18.Nc5 Bf7 19.Rb1 Qe7 20.b4 Bf6 21.Re1 g5 
22.Bxe5 Bxe5 23.Bf1 Rfd8 24.Nd3 Rxd3 25.Bxd3 Qf6 26.Qe3 Bd4 27.Qf3 Rf8 28.
Re2 Qd6 29.c5 Qh6 30.Rc2 Kh8 31.Bc4 Bg6 32.Qxc6 Qh4 33.Rd1 Rd8 34.Rcd2 
Bxf2+ 35.Kh1 Kg7 36.Qd7+ Kh6 37.Qxd8 Qg3 38.Qd6 1-0

[Event "interzonal (w)"]
[Site "Chisinau MDA"]
[Date "1995.??.??"]
[Round "8"]
[White "Edzgveradze, Natalia"]
[Black "Hoang Thanh Trang"]
[Result "0-1"]
[WhiteElo "2320"]
[BlackElo "2405"]
[EventDate "1995.09.??"]
[PlyCount "178"]

1.d4 f5 2.Nc3 d5 3.Bg5 g6 4.e3 Bg7 5.h4 c6 6.Bd3 Be6 7.Nf3 Nf6 8.h5 Nxh5 
9.Rxh5 gxh5 10.Nh4 Qd7 11.Qf3 f4 12.Bxf4 Bf6 13.Be5 Rf8 14.Bxf6 exf6 15.
Nf5 Na6 16.Qxh5+ Kd8 17.a3 Rg8 18.Qh6 Rxg2 19.Qxf6+ Kc7 20.Qe5+ Kd8 21.Ke2
Nc7 22.Qf6+ Kc8 23.Ne7+ Kb8 24.Bxh7 Bg4+ 25.Kd2 Ne8 26.Qf4+ Qd6 27.Qf8 Bh5
28.Rh1 Qf6 29.Qxf6 Nxf6 30.Bd3 Rxf2+ 31.Ke1 Rf3 32.Nd1 Rg3 33.Rf1 Nd7 34.
Nf5 Rg5 35.Nf2 Kc7 36.Nh3 Rg2 37.Nf4 Rh2 38.Rg1 Bf7 39.Rg7 Rf8 40.b4 Rh1+ 
41.Kd2 Rhh8 42.Ne7 Kd8 43.Neg6 Bxg6 44.Nxg6 Rh2+ 45.Kc1 Re8 46.Bf5 Nb6 47.
Ne5 Re7 48.Rg8+ Kc7 49.Kd1 Rf2 50.Bd3 Nd7 51.Nxd7 Kxd7 52.Rg3 Rh2 53.Kc1 
Rh1+ 54.Kb2 Re1 55.Bf5+ Kc7 56.Rg8 R1xe3 57.Rc8+ Kb6 58.Bd3 Re8 59.Rxe8 
Rxe8 60.Kb3 Re3 61.Kb2 Rf3 62.Kb3 a5 63.Kb2 Rf4 64.Kc3 Rh4 65.Be2 a4 66.
Bd3 Kc7 67.Be2 Kd6 68.Bf1 Ke6 69.Bd3 b6 70.Bg6 Rg4 71.Bd3 Kf6 72.Be2 Rg3+ 
73.Kb2 Kf5 74.Bh5 Rh3 75.Be8 Rh6 76.Bd7+ Ke4 77.Kc3 b5 78.Be8 Ke3 79.Bd7 
Ke2 80.Bg4+ Ke1 81.Bd7 Kd1 82.Kb2 Rh2 83.Bf5 Rg2 84.Kb1 Kd2 85.Kb2 Rg3 86.
Bd7 Rc3 87.Bf5 Rc4 88.c3 Rxc3 89.Bd7 Kd3 0-1

[Event "interzonal (w)"]
[Site "Chisinau MDA"]
[Date "1995.??.??"]
[Round "8"]
[White "Galliamova-Ivanchuk, Alisa"]
[Black "Wang Lei"]
[Result "1-0"]
[WhiteElo "2475"]
[BlackElo "2290"]
[EventDate "1995.09.??"]
[PlyCount "73"]

1.d4 d5 2.c4 e6 3.Nf3 c6 4.Qc2 f5 5.Bg5 Nf6 6.Nc3 Be7 7.Bxf6 Bxf6 8.e3 O-O
9.Bd3 Bd7 10.h3 Kh8 11.g4 g6 12.O-O-O Be8 13.Rdg1 Nd7 14.h4 Bg7 15.Ng5 Qe7
16.Kb1 Nf6 17.gxf5 gxf5 18.f3 Nh5 19.cxd5 exd5 20.Re1 Bg6 21.Ka1 Rae8 22.
Qf2 Qd6 23.f4 c5 24.Nb5 Qb6 25.dxc5 Qxc5 26.Nd4 Bxd4 27.exd4 Qd6 28.Re5 h6
29.Nh3 Nf6 30.Bxf5 Bxf5 31.Rxf5 Qd7 32.Qc2 Re4 33.Re5 Rxd4 34.Qc5 Qxh3 35.
Qxf8+ Ng8 36.Ree1 Re4 37.Qxg8+ 1-0

[Event "interzonal (w)"]
[Site "Chisinau MDA"]
[Date "1995.??.??"]
[Round "8"]
[White "Gurieli, Nino"]
[Black "Foisor, Cristina"]
[Result "1-0"]
[WhiteElo "2360"]
[BlackElo "2345"]
[EventDate "1995.09.??"]
[PlyCount "160"]

1.d4 Nf6 2.Nf3 g6 3.c4 Bg7 4.g3 O-O 5.Bg2 c6 6.Nc3 d6 7.O-O Bf5 8.Nh4 Be6 
9.d5 cxd5 10.cxd5 Bd7 11.Be3 Qa5 12.a3 Rc8 13.Bd4 Na6 14.Nf3 Qd8 15.Re1 
Nc7 16.Qd3 Qe8 17.e4 Nb5 18.Nxb5 Bxb5 19.Qd2 Ba4 20.Bc3 Qd8 21.e5 dxe5 22.
Nxe5 a5 23.Qf4 Bb3 24.Bh3 Rc5 25.Qe3 Rxc3 26.Qxc3 Bxd5 27.Rad1 Qb6 28.Qd4 
Qxd4 29.Rxd4 e6 30.Rdd1 Ne4 31.f4 f5 32.Bg2 g5 33.Bxe4 Bxe4 34.Kf2 h5 35.
Rc1 h4 36.Red1 Bd5 37.Rc7 b5 38.gxh4 g4 39.Ke3 b4 40.Rdc1 bxa3 41.bxa3 Bf8
42.Rc8 Rxc8 43.Rxc8 Kg7 44.Rc7+ Kh6 45.a4 Bb3 46.Nd7 Bd6 47.Rc6 Be7 48.Rb6
Bd5 49.Ra6 Ba3 50.Kf2 Bb4 51.h5 Bb3 52.Ke3 Kxh5 53.Ne5 Bc3 54.Nd3 Bxa4 55.
Rxe6 Bb3 56.Rc6 Bg7 57.Rc5 a4 58.Rxf5+ Kh6 59.Ra5 Bf8 60.Nc5 Bd1 61.Nxa4 
Bb4 62.Rb5 Be7 63.Nc3 Bf3 64.Ne4 Ba3 65.Rb6+ Kg7 66.Rc6 Bb2 67.Rc2 Ba3 68.
f5 Bxe4 69.Kxe4 Bd6 70.Rg2 Kf7 71.Rxg4 Bxh2 72.Rg6 Bc7 73.Rc6 Bg3 74.Kf3 
Be5 75.Kg4 Bd4 76.Kf4 Kg7 77.Ke4 Bb2 78.Rc2 Ba1 79.Kf4 Kf7 80.Rc7+ Kf6 1-0

[Event "interzonal (w)"]
[Site "Chisinau MDA"]
[Date "1995.??.??"]
[Round "8"]
[White "Janjgava, Natia"]
[Black "Krupkova, Petra"]
[Result "0-1"]
[WhiteElo "2280"]
[BlackElo "2210"]
[EventDate "1995.09.??"]
[PlyCount "80"]

1.c4 Nf6 2.Nc3 e5 3.g3 Bb4 4.Bg2 O-O 5.a3 Bxc3 6.bxc3 Re8 7.Nf3 e4 8.Nd4 
c5 9.Nc2 d5 10.cxd5 Qxd5 11.Ne3 Qh5 12.h3 Nc6 13.g4 Qe5 14.O-O Be6 15.Rb1 
b6 16.f4 exf3 17.exf3 Rad8 18.f4 Qc7 19.c4 Bc8 20.d3 Nd4 21.g5 Nd7 22.Nd5 
Qd6 23.Rb2 f5 24.Rbf2 Nb8 25.Bb2 Nbc6 26.Kh2 Bb7 27.h4 Qd7 28.Qa1 Ne7 29.
Bxd4 cxd4 30.Nxe7+ Rxe7 31.Bxb7 Qxb7 32.Re1 Re3 33.Qb1 Rde8 34.Ref1 Qe7 
35.Qb5 Qf7 36.Rf3 Qh5 37.Qd5+ Kh8 38.R3f2 Qxh4+ 39.Kg1 Rxd3 40.Rh2 Qg4+ 
0-1

[Event "interzonal (w)"]
[Site "Chisinau MDA"]
[Date "1995.??.??"]
[Round "8"]
[White "Khurtsidze, Nino"]
[Black "Sakhatova, Elvira"]
[Result "1/2-1/2"]
[WhiteElo "2295"]
[BlackElo "2340"]
[EventDate "1995.09.??"]
[PlyCount "75"]

1.d4 Nf6 2.Nf3 g6 3.c4 Bg7 4.g3 O-O 5.Bg2 d6 6.O-O Nc6 7.Nc3 a6 8.d5 Na5 
9.Nd2 c5 10.Qc2 Rb8 11.b3 b5 12.Bb2 e5 13.dxe6 fxe6 14.cxb5 axb5 15.Rad1 
d5 16.a4 Bd7 17.Nxb5 Bxb5 18.axb5 Rxb5 19.Bh3 Qb6 20.Ba3 Re8 21.Rc1 Nb7 
22.Rfd1 Ra5 23.Nb1 Ne4 24.Bg2 Ned6 25.e3 Rb5 26.Nc3 Bxc3 27.Qxc3 Rxb3 28.
Bxc5 Nxc5 29.Qxc5 Qxc5 30.Rxc5 Rb2 31.Rc6 Nf5 32.h3 Kf7 33.Ra1 Rb7 34.Raa6
Rd7 35.Bf1 Rb7 36.Bd3 Ree7 37.Rc8 Ra7 38.Rb6 1/2-1/2

[Event "interzonal (w)"]
[Site "Chisinau MDA"]
[Date "1995.??.??"]
[Round "8"]
[White "Lin Ye"]
[Black "Berezina, Irina"]
[Result "1/2-1/2"]
[WhiteElo "2205"]
[BlackElo "2195"]
[EventDate "1995.09.??"]
[PlyCount "105"]

1.c4 g6 2.Nc3 Bg7 3.d4 Nf6 4.Nf3 d6 5.Bf4 O-O 6.e3 c5 7.Be2 Qb6 8.Qd2 Rd8 
9.d5 Bf5 10.O-O Na6 11.Nh4 Bg4 12.h3 Bxe2 13.Qxe2 Nd7 14.Nf3 Qb4 15.a3 Qb3
16.Rfc1 Nc7 17.Rab1 a5 18.Nd2 Qb6 19.Qd1 Qa6 20.Qf1 Rdb8 21.Nb5 Qb6 22.
Nxc7 Qxc7 23.Ne4 Qd8 24.Qd3 b6 25.Nc3 Qf8 26.Nb5 a4 27.e4 Bh6 28.Qe3 Bxf4 
29.Qxf4 Qg7 30.Qe3 g5 31.Rf1 Ne5 32.Rbc1 Kh8 33.f3 Ra5 34.Qe2 Ng6 35.Qf2 
Ne5 36.Qc2 Ng6 37.Qe2 Qe5 38.Qf2 Nf4 39.Rfd1 h5 40.Nc3 h4 41.Qc2 Rba8 42.
Rb1 Ng6 43.Qd3 Kg7 44.Rd2 Qf6 45.Nd1 Nf4 46.Qf1 Nh5 47.Ne3 Ng3 48.Qd3 Kf8 
49.b4 axb3 50.Rxb3 Qd4 51.Qc2 Qg7 52.Qc1 Kg8 53.Kf2 1/2-1/2

[Event "interzonal (w)"]
[Site "Chisinau MDA"]
[Date "1995.??.??"]
[Round "8"]
[White "Lomineishvili, Maia"]
[Black "Semenova, Lidia"]
[Result "1/2-1/2"]
[WhiteElo "2295"]
[BlackElo "2310"]
[EventDate "1995.09.??"]
[PlyCount "116"]

1.d4 f5 2.Nc3 Nf6 3.Bg5 d5 4.Bxf6 exf6 5.e3 c6 6.Bd3 Qb6 7.Rb1 Bb4 8.Ne2 
g6 9.h4 h5 10.Nf4 Kf7 11.Rh3 Nd7 12.Kf1 Nf8 13.Nce2 Bd6 14.Rg3 Qa5 15.c4 
Qxa2 16.cxd5 Bxf4 17.Nxf4 cxd5 18.Qc2 Bd7 19.Qc7 Qb3 20.Be2 Rc8 21.Qa5 Qc2
22.Bd3 Qc6 23.Qxa7 Ne6 24.Nxe6 Bxe6 25.Qa5 Ra8 26.Qd2 Rhc8 27.Rh3 Qb6 28.
Rh1 Bd7 29.Kg1 Bb5 30.Bxb5 Qxb5 31.Kh2 Ra2 32.Rhc1 Rc6 33.g3 Ke6 34.Kg2 
Kd6 35.Rc2 Qa5 36.Qc1 Qc7 37.Rxc6+ Qxc6 38.Qd1 Qb5 39.Qc2 Qc4 40.Qd1 Qb5 
41.Qd2 b6 42.Kh2 Qb3 43.Kg2 Ra4 44.Rc1 Rc4 45.Rc3 Rxc3 46.bxc3 Qb1 47.Qe2 
b5 48.Kh2 Kc6 49.Qd2 Kb6 50.f4 Ka5 51.c4+ b4 52.cxd5 Qb3 53.Qg2 Kb6 54.e4 
Qd3 55.e5 fxe5 56.dxe5 Kc5 57.e6 Kd6 58.Qb2 Qxd5 1/2-1/2

[Event "interzonal (w)"]
[Site "Chisinau MDA"]
[Date "1995.??.??"]
[Round "8"]
[White "Nikolin, Zorica"]
[Black "Jezierska, Ivona"]
[Result "1-0"]
[WhiteElo "2235"]
[BlackElo "2085"]
[EventDate "1995.09.??"]
[PlyCount "74"]

1.e4 d6 2.d4 g6 3.g3 Nf6 4.Bg2 Bg7 5.Ne2 O-O 6.Nbc3 e5 7.h3 Nbd7 8.Be3 c6 
9.a4 Re8 10.O-O exd4 11.Bxd4 Nc5 12.e5 Nfd7 13.exd6 Bf8 14.b4 Ne6 15.b5 
Nxd4 16.Nxd4 c5 17.Nc6 bxc6 18.bxc6 Qf6 19.Ne4 Qf5 20.g4 Qf6 21.Qf3 Qxf3 
22.Bxf3 Bg7 23.cxd7 Bxd7 24.Nxc5 Rac8 25.Nxd7 Red8 26.g5 Bxa1 27.Rxa1 Rxd7
28.Bg4 f5 29.gxf6 Rcd8 30.Bxd7 Rxd7 31.Rd1 Kf7 32.c4 Kxf6 33.c5 Ke6 34.
Re1+ Kf6 35.Rc1 Rd8 36.c6 Ke6 37.d7 Rf8 1-0

[Event "interzonal (w)"]
[Site "Chisinau MDA"]
[Date "1995.??.??"]
[Round "8"]
[White "Peng Zhaoqin"]
[Black "Sheremetieva, Marina"]
[Result "1-0"]
[WhiteElo "2355"]
[BlackElo "2250"]
[EventDate "1995.09.??"]
[PlyCount "49"]

1.d4 d5 2.c4 c6 3.Nf3 Nf6 4.Nc3 a6 5.c5 Nbd7 6.Bf4 Nh5 7.Bd2 g6 8.e4 dxe4 
9.Nxe4 Ndf6 10.Nxf6+ Nxf6 11.Bc4 Bg7 12.O-O O-O 13.Qb3 Nd5 14.Rfe1 Re8 15.
Ne5 Ra7 16.Rad1 Be6 17.Qg3 Qc8 18.Ba5 f6 19.Nd3 Bf7 20.b3 Ra8 21.Re2 Qd7 
22.Rde1 Rac8 23.Qf3 Nc7 24.Bxf7+ Kxf7 25.Ne5+ 1-0

[Event "interzonal (w)"]
[Site "Chisinau MDA"]
[Date "1995.??.??"]
[Round "8"]
[White "Petrenko, Svetlana"]
[Black "Zhukova, Natalia"]
[Result "0-1"]
[WhiteElo "2250"]
[BlackElo "2360"]
[EventDate "1995.09.??"]
[PlyCount "90"]

1.e4 Nf6 2.Nc3 d5 3.exd5 Nxd5 4.Bc4 c6 5.Qf3 Nf6 6.h3 Nbd7 7.Qe2 Nb6 8.Bb3
Bf5 9.Nf3 e6 10.d4 Be7 11.O-O O-O 12.Nh4 Bg6 13.Nxg6 hxg6 14.Rd1 Nbd5 15.
Ne4 Nxe4 16.Qxe4 b5 17.c3 Qb6 18.h4 Rfd8 19.Be3 a5 20.Bc2 a4 21.a3 Qc7 22.
g3 Rd7 23.Kg2 Rad8 24.Rh1 c5 25.h5 Nf6 26.Qd3 gxh5 27.Qxb5 cxd4 28.Bf4 
Qb7+ 29.Qxb7 Rxb7 30.Bxa4 Rxb2 31.cxd4 Ng4 32.Rxh5 Rxf2+ 33.Kg1 Bf6 34.Bg5
Bxd4 35.Bxd8 Rf5+ 36.Kg2 Ne3+ 37.Kg1 Rxh5 38.Rc1 Ng4+ 39.Kg2 Rh2+ 40.Kf3 
f5 41.Rf1 Rd2 42.Ba5 Nh2+ 43.Kf4 Nxf1 44.Bxd2 Nxd2 45.g4 g6 0-1

[Event "interzonal (w)"]
[Site "Chisinau MDA"]
[Date "1995.??.??"]
[Round "8"]
[White "Thipsay, Bagyashree Sathe"]
[Black "Ciuksyte, Dagne"]
[Result "1/2-1/2"]
[WhiteElo "2195"]
[BlackElo "2225"]
[EventDate "1995.09.??"]
[PlyCount "124"]

1.e4 c5 2.Nf3 Nc6 3.d4 cxd4 4.Nxd4 g6 5.c4 Bg7 6.Be3 Nf6 7.Nc3 d6 8.Be2 
O-O 9.O-O Bd7 10.Qd2 Rc8 11.f3 a6 12.Rac1 Nxd4 13.Bxd4 Be6 14.b3 Qa5 15.
Rfd1 Nd7 16.Be3 Rfe8 17.Rc2 b5 18.Nd5 Qxd2 19.Rdxd2 Bxd5 20.Rxd5 Rc6 21.
Rd1 b4 22.f4 Rc7 23.Bf3 a5 24.Rd5 a4 25.bxa4 Rec8 26.a5 Nc5 27.e5 Bf8 28.
exd6 exd6 29.f5 Ra7 30.Bd2 Rb8 31.Rb2 Rxa5 32.Bxb4 Ra4 33.a3 Nd7 34.fxg6 
hxg6 35.Rb5 Rc8 36.Rb7 Nf6 37.Rc2 Ra6 38.g4 g5 39.Rb5 d5 40.Bxd5 Nxd5 41.
Rxd5 f6 42.Kg2 Re6 43.Kf3 Rce8 44.Rd3 Re4 45.c5 Rf4+ 46.Kg3 Ree4 47.h3 f5 
48.gxf5 Bg7 49.Bc3 Rc4 50.Rd8+ Bf8 51.f6 Kf7 52.Rd7+ Kg6 53.Rc1 g4 54.Bb2 
Rf3+ 55.Kg2 Rcf4 56.Rc2 gxh3+ 57.Kh2 Rf2+ 58.Rxf2 Rxf2+ 59.Kxh3 Rxb2 60.c6
Rc2 61.c7 Rc3+ 62.Kg4 Bxa3 1/2-1/2

[Event "interzonal (w)"]
[Site "Chisinau MDA"]
[Date "1995.??.??"]
[Round "8"]
[White "Tsoganova, Monika"]
[Black "Kulish, Irina"]
[Result "0-1"]
[WhiteElo "2295"]
[BlackElo "2300"]
[EventDate "1995.09.??"]
[PlyCount "94"]

1.d4 Nf6 2.c4 e6 3.Nf3 b6 4.g3 Ba6 5.b3 Bb4+ 6.Bd2 Be7 7.Bg2 c6 8.Bc3 d5 
9.Ne5 Nfd7 10.Nxd7 Nxd7 11.Nd2 f5 12.O-O O-O 13.cxd5 cxd5 14.Nf3 Rc8 15.
Rc1 Bd6 16.Ne5 Nxe5 17.dxe5 Ba3 18.Rc2 d4 19.Ba1 Rxc2 20.Qxc2 d3 21.exd3 
Bxd3 22.Qc6 Bxf1 23.Qxe6+ Kh8 24.Bxf1 f4 25.Qg4 fxg3 26.hxg3 Bc5 27.e6 Qe7
28.Bd3 Rxf2 29.Kh1 Qf8 30.Qe4 Qf3+ 31.Qxf3 Rxf3 32.Bc4 Rxg3 33.Be5 Re3 34.
Bc7 h6 35.Kg2 Kh7 36.Bf4 Rc3 37.a4 g5 38.Bd2 Rxc4 39.bxc4 Kg6 40.a5 bxa5 
41.Bxa5 Kf5 42.Kf3 h5 43.Bd8 g4+ 44.Kg3 Kxe6 45.Kf4 Bf2 46.Bc7 Bb6 47.Bb8 
a5 0-1

[Event "interzonal (w)"]
[Site "Chisinau MDA"]
[Date "1995.??.??"]
[Round "8"]
[White "Zaitseva, Ludmila"]
[Black "Maksimovic, Suzana"]
[Result "1-0"]
[WhiteElo "2360"]
[BlackElo "2190"]
[EventDate "1995.09.??"]
[PlyCount "87"]

1.d4 d6 2.Nf3 Nf6 3.c4 Nbd7 4.Nc3 e5 5.Bg5 Be7 6.e3 O-O 7.Qc2 c6 8.Bd3 Re8
9.Be2 Qc7 10.h3 a5 11.O-O Bf8 12.Rac1 g6 13.Rfd1 Bg7 14.Bh4 exd4 15.Nxd4 
Nc5 16.Bf3 Bd7 17.Bg3 Rad8 18.a3 Be6 19.b4 axb4 20.axb4 Na6 21.b5 Nb4 22.
Nxe6 fxe6 23.Qa4 c5 24.Qa7 Rd7 25.Na4 Bf8 26.Rd2 Nh5 27.Bxh5 gxh5 28.Rcd1 
e5 29.Nxc5 Rf7 30.Ne4 Qxc4 31.Nxd6 Bxd6 32.Rxd6 h4 33.Rd8 Rff8 34.Rxe8 
Rxe8 35.Bxe5 Nd3 36.Ba1 Qc2 37.Rf1 Re7 38.Qd4 Nc1 39.Qxh4 Ne2+ 40.Kh2 Kf7 
41.Qh5+ Ke6 42.Re1 Nc1 43.e4 Rf7 44.Qh6+ 1-0

[Event "interzonal (w)"]
[Site "Chisinau MDA"]
[Date "1995.??.??"]
[Round "9"]
[White "Belakovskaia, Anjelina"]
[Black "Lu Xiaosha"]
[Result "1-0"]
[WhiteElo "2345"]
[BlackElo "2280"]
[EventDate "1995.09.??"]
[PlyCount "81"]

1.d4 f5 2.g3 Nf6 3.Bg2 g6 4.c4 Bg7 5.b3 d6 6.Bb2 O-O 7.d5 c6 8.Nh3 Qe8 9.
Nf4 g5 10.Nd3 Qg6 11.h4 h6 12.Nc3 cxd5 13.cxd5 Bd7 14.e3 Na6 15.Ne2 Nc7 
16.Rc1 Rac8 17.hxg5 hxg5 18.b4 Nfxd5 19.Bxg7 Kxg7 20.Nc3 Bc6 21.Nxd5 Nxd5 
22.Qb3 Nb6 23.Bxc6 Rxc6 24.Rxc6 bxc6 25.a4 Qf6 26.Ke2 e5 27.a5 Nd5 28.Rc1 
Ne7 29.b5 Rb8 30.b6 axb6 31.axb6 Qf7 32.Qb2 Qd5 33.Ra1 Qb5 34.Qxb5 cxb5 
35.Ra7 Kf6 36.b7 Ke6 37.Nb4 d5 38.Na6 Nc6 39.Ra8 Rxb7 40.Nc5+ Kd6 41.Nxb7+
1-0

[Event "interzonal (w)"]
[Site "Chisinau MDA"]
[Date "1995.??.??"]
[Round "9"]
[White "Berezina, Irina"]
[Black "Zaitseva, Ludmila"]
[Result "1/2-1/2"]
[WhiteElo "2195"]
[BlackElo "2360"]
[EventDate "1995.09.??"]
[PlyCount "81"]

1.d4 e6 2.c4 f5 3.g3 Nf6 4.Bg2 c6 5.Nh3 d5 6.O-O Bd6 7.Qc2 O-O 8.Bf4 Be7 
9.Bg5 h6 10.Bxf6 Bxf6 11.e3 g5 12.Nd2 Bg7 13.f4 g4 14.Nf2 Nd7 15.b4 Nf6 
16.Rfc1 Bd7 17.a4 h5 18.Nd3 h4 19.Ne5 Nh5 20.Kf2 Be8 21.Bf1 Bxe5 22.dxe5 
Rf7 23.Be2 Rh7 24.Rh1 d4 25.Qd3 dxe3+ 26.Qxe3 c5 27.b5 b6 28.a5 Rc8 29.Nb3
Qc7 30.Rhg1 Ng7 31.Bf1 Rd8 32.axb6 axb6 33.Bg2 Nh5 34.Rgd1 Rhd7 35.Rxd7 
Bxd7 36.Rd1 Bc8 37.Rxd8+ Qxd8 38.Qd2 Qxd2+ 39.Nxd2 hxg3+ 40.hxg3 Kf8 41.
Nb1 1/2-1/2

[Event "interzonal (w)"]
[Site "Chisinau MDA"]
[Date "1995.??.??"]
[Round "9"]
[White "Burtman, Sharon"]
[Black "Paasikangas, Johanna"]
[Result "0-1"]
[WhiteElo "2065"]
[BlackElo "2280"]
[EventDate "1995.09.??"]
[PlyCount "108"]

1.d4 f5 2.Nf3 g6 3.g3 Bg7 4.Bg2 Nf6 5.O-O O-O 6.c4 d6 7.Nc3 Nc6 8.d5 Na5 
9.Nd2 c5 10.Rb1 Ng4 11.e3 b6 12.Qc2 h5 13.h4 Bh6 14.Re1 g5 15.hxg5 Bxg5 
16.b3 h4 17.Nf1 hxg3 18.fxg3 Rf6 19.Ne2 Rh6 20.Nf4 Rb8 21.Ne6 Bxe6 22.dxe6
Qf8 23.Bd5 Nb7 24.e4 f4 25.gxf4 Bxf4 26.Re2 Ne5 27.Rg2+ Kh7 28.Bxf4 Qxf4 
29.Nh2 Nd8 30.Rf1 Qe3+ 31.Qf2 Qxf2+ 32.Rfxf2 Nxe6 33.Ng4 Nxg4 34.Rxg4 Nd8 
35.Rf8 Rg6 36.Rh8+ Kxh8 37.Rxg6 Kh7 38.Rg2 e6 39.Rh2+ Kg7 40.Rg2+ Kf6 41.
e5+ Kxe5 42.Bf3 d5 43.cxd5 exd5 44.Rg7 Nc6 45.Kg2 Rd8 46.Rg5+ Kf4 47.Rg4+ 
Ke3 48.Rg3 Kd2 49.Rg5 Nb4 50.a4 Nd3 51.Kg3 c4 52.Rh5 Rg8+ 53.Bg4 cxb3 54.
Rxd5 b2 0-1

[Event "interzonal (w)"]
[Site "Chisinau MDA"]
[Date "1995.??.??"]
[Round "9"]
[White "Radu, Elena-Luminita"]
[Black "Kiseleva, Natalia"]
[Result "1/2-1/2"]
[WhiteElo "2330"]
[BlackElo "2260"]
[EventDate "1995.09.??"]
[PlyCount "98"]

1.e4 e6 2.d4 d5 3.Nd2 c5 4.exd5 Qxd5 5.Ngf3 cxd4 6.Bc4 Qd6 7.O-O Nf6 8.Nb3
Nc6 9.Nbxd4 Nxd4 10.Qxd4 Bd7 11.Bf4 Qxd4 12.Nxd4 Rc8 13.Be2 Nd5 14.Bg3 Bc5
15.Nb3 Bb6 16.c3 O-O 17.Rfd1 Rfd8 18.Bf3 Bc6 19.a4 a6 20.a5 Ba7 21.Nd4 
Bxd4 22.Rxd4 Ne7 23.Rxd8+ Rxd8 24.Rd1 Rxd1+ 25.Bxd1 Kf8 26.f3 Ke8 27.c4 
Nf5 28.Bf2 Nd6 29.b3 Kd7 30.Bc2 h6 31.Kf1 e5 32.Ke2 Ke6 33.Bc5 e4 34.Kf2 
f5 35.Bxd6 Kxd6 36.fxe4 fxe4 37.b4 e3+ 38.Kxe3 Bxg2 39.Kd4 Bh3 40.Bg6 Bd7 
41.h4 Bg4 42.c5+ Kc7 43.Kd5 Bf3+ 44.Ke6 Bg4+ 45.Ke7 Kc6 46.Be4+ Kb5 47.
Bxb7 Kxb4 48.Bxa6 Kxc5 49.Bd3 g5 1/2-1/2

[Event "interzonal (w)"]
[Site "Chisinau MDA"]
[Date "1995.??.??"]
[Round "9"]
[White "Danielian, Elina"]
[Black "Lin Ye"]
[Result "1-0"]
[WhiteElo "2320"]
[BlackElo "2205"]
[EventDate "1995.09.??"]
[PlyCount "33"]

1.d4 Nf6 2.Nf3 e6 3.Bg5 Be7 4.Nbd2 d5 5.e3 O-O 6.Bd3 h6 7.Bf4 b6 8.c3 c5 
9.Ne5 Bb7 10.Qf3 Nc6 11.h4 Nd7 12.Rh3 Ndxe5 13.dxe5 f5 14.Rg3 Kh7 15.Qg4 
g5 16.hxg5 hxg5 17.Qh5+ 1-0

[Event "interzonal (w)"]
[Site "Chisinau MDA"]
[Date "1995.??.??"]
[Round "9"]
[White "Gaponenko, Inna"]
[Black "Maric, Alisa"]
[Result "0-1"]
[WhiteElo "2365"]
[BlackElo "2445"]
[EventDate "1995.09.??"]
[PlyCount "100"]

1.e4 e5 2.Nf3 Nc6 3.d4 exd4 4.Nxd4 Bc5 5.Nb3 Bb4+ 6.Bd2 Bxd2+ 7.Qxd2 Nge7 
8.Nc3 O-O 9.O-O-O d6 10.h3 a5 11.Kb1 a4 12.Nc1 a3 13.b3 f5 14.f4 fxe4 15.
Nxe4 d5 16.Ng5 Qd6 17.Nd3 Bf5 18.g4 Bxd3 19.Qxd3 g6 20.Bg2 Rxf4 21.Bxd5+ 
Nxd5 22.Qxd5+ Qxd5 23.Rxd5 Re8 24.Rd3 Re2 25.Nf3 Rxc2 26.Kxc2 Nb4+ 27.Kc3 
Nxd3 28.Nd4 Nf2 29.Re1 Nxh3 30.Re8+ Rf8 31.Re7 Rf7 32.Re8+ Kg7 33.Rb8 Nf2 
34.Rxb7 Ne4+ 35.Kc2 Kf6 36.Ra7 Rd7 37.Ra6+ Kg5 38.Ne6+ Kxg4 39.Ra4 Re7 40.
Nc5 Kf3 41.Nd3 g5 42.Ra5 g4 43.Rf5+ Kg3 44.Nf4 Nd6 45.Rf6 Rf7 46.Ne2+ Kg2 
47.Re6 g3 48.Kd2 Kf2 49.Nc1 g2 50.Nd3+ Kg3 0-1

[Event "interzonal (w)"]
[Site "Chisinau MDA"]
[Date "1995.??.??"]
[Round "9"]
[White "Jezierska, Ivona"]
[Black "Lematschko, Tatjana"]
[Result "0-1"]
[WhiteElo "2085"]
[BlackElo "2310"]
[EventDate "1995.09.??"]
[PlyCount "72"]

1.e4 e6 2.d4 d5 3.Nd2 Nf6 4.e5 Nfd7 5.f4 c5 6.c3 g6 7.g3 Nc6 8.Ne2 b6 9.
Qa4 Bb7 10.Bh3 Qc7 11.Nf3 Be7 12.Bd2 a5 13.O-O Ba6 14.Rf2 Bd3 15.g4 h5 16.
Ng5 Bxe2 17.Rxe2 cxd4 18.gxh5 Rxh5 19.Nxe6 fxe6 20.Bxe6 Nc5 21.Qd1 Nxe6 
22.Rg2 O-O-O 23.Rxg6 Rdh8 24.Qg4 Nd8 25.cxd4 Rxh2 26.Bc3 Rh1+ 27.Kg2 Rxa1 
28.f5 Rhh1 29.Kf2 Bh4+ 30.Ke3 Rae1+ 31.Bxe1 Rxe1+ 32.Kf3 Qc2 33.Qxh4 Qxf5+
34.Kg3 Qxg6+ 35.Kf2 Qg1+ 36.Kf3 Re3# 0-1

[Event "interzonal (w)"]
[Site "Chisinau MDA"]
[Date "1995.??.??"]
[Round "9"]
[White "Krupkova, Petra"]
[Black "Bobrowska, Monika"]
[Result "1-0"]
[WhiteElo "2210"]
[BlackElo "2310"]
[EventDate "1995.09.??"]
[PlyCount "123"]

1.d4 Nf6 2.c4 g6 3.Nc3 Bg7 4.e4 d6 5.f4 O-O 6.Nf3 Na6 7.Be2 e5 8.fxe5 dxe5
9.d5 c6 10.O-O cxd5 11.cxd5 Qb6+ 12.Kh1 Ng4 13.Qe1 f5 14.exf5 Bxf5 15.h3 
Nf6 16.Bc4 Rac8 17.b3 Nb4 18.Be3 Qd8 19.Rd1 a6 20.d6+ Kh8 21.Nxe5 b5 22.
Nf7+ Rxf7 23.Bxf7 Qd7 24.Bd5 Rxc3 25.Qxc3 Nfxd5 26.Qd2 Bd3 27.a3 Nc2 28.
Qxd3 Ndxe3 29.Rc1 Nxf1 30.Rxc2 Be5 31.Qxf1 Qxd6 32.b4 Kg7 33.Rc1 h5 34.Rd1
Qc7 35.Qd3 Kh6 36.Qd2+ Bf4 37.Qd4 Be5 38.Qd8 Qc4 39.Qf8+ Bg7 40.Qd6 Qb3 
41.Qd3 Qe6 42.Qd5 Qe7 43.Qd2+ Kh7 44.Re1 Qh4 45.Re6 Qc4 46.Qe1 Qf4 47.Qe4 
Qc1+ 48.Kh2 Qc7+ 49.g3 Qf7 50.h4 Qf2+ 51.Qg2 Qf5 52.Rxa6 g5 53.hxg5 h4 54.
g6+ Kh6 55.Qd2+ Kh5 56.Qe2+ Kh6 57.Qe3+ Kh5 58.Re6 hxg3+ 59.Kg2 Qb1 60.
Qf3+ Kh6 61.Kxg3 Qg1+ 62.Kh3 1-0

[Event "interzonal (w)"]
[Site "Chisinau MDA"]
[Date "1995.??.??"]
[Round "9"]
[White "Maksimovic, Suzana"]
[Black "Thipsay, Bagyashree Sathe"]
[Result "1/2-1/2"]
[WhiteElo "2190"]
[BlackElo "2195"]
[EventDate "1995.09.??"]
[PlyCount "38"]

1.d4 d5 2.c4 e6 3.Nc3 c5 4.e3 Nf6 5.Nf3 Nc6 6.a4 a6 7.Bd3 Be7 8.O-O O-O 9.
dxc5 dxc4 10.Bxc4 Qxd1 11.Rxd1 Bxc5 12.b4 Be7 13.Bb2 b5 14.Bb3 Ra7 15.Ne4 
Rd7 16.Nfg5 Rfd8 17.Bc2 Rxd1+ 18.Rxd1 Rxd1+ 19.Bxd1 Nxe4 1/2-1/2

[Event "interzonal (w)"]
[Site "Chisinau MDA"]
[Date "1995.??.??"]
[Round "9"]
[White "Basagic, Vesna"]
[Black "Bojkovic, Natasa"]
[Result "0-1"]
[WhiteElo "2340"]
[BlackElo "2425"]
[EventDate "1995.09.??"]
[PlyCount "80"]

1.d4 Nf6 2.c4 e6 3.Nf3 d5 4.Bg5 Bb4+ 5.Nbd2 dxc4 6.a3 Bxd2+ 7.Qxd2 b5 8.a4
c6 9.g3 Bb7 10.Bg2 a6 11.Bxf6 Qxf6 12.Ne5 Qe7 13.O-O O-O 14.Qa5 f6 15.Ng4 
Rc8 16.e4 Nd7 17.Rfe1 Nf8 18.Ne3 Qc7 19.Qc3 Rd8 20.Rad1 Rd7 21.Rd2 Rad8 
22.Red1 Rd6 23.f4 e5 24.fxe5 fxe5 25.d5 cxd5 26.Nxd5 Bxd5 27.exd5 Qc5+ 28.
Kh1 Nd7 29.axb5 axb5 30.Rc1 Rc8 31.Rdc2 Re8 32.b3 Nb6 33.Qa5 Ra8 34.Qe1 
Re8 35.Qa5 Rc8 36.Qe1 Nxd5 37.Qxe5 Nb4 38.Qxc5 Rxc5 39.Rc3 Na2 40.b4 Re5 
0-1

[Event "interzonal (w)"]
[Site "Chisinau MDA"]
[Date "1995.??.??"]
[Round "9"]
[White "Ratcu, Tatiana"]
[Black "Tsoganova, Monika"]
[Result "1-0"]
[WhiteElo "2080"]
[BlackElo "2295"]
[EventDate "1995.09.??"]
[PlyCount "81"]

1.e4 c5 2.Nc3 d6 3.f4 e6 4.Nf3 Nc6 5.Bb5 Bd7 6.O-O Nf6 7.d3 Be7 8.e5 Nd5 
9.Nxd5 exd5 10.exd6 Bxd6 11.Bxc6 Bxc6 12.Re1+ Kf8 13.d4 Qf6 14.Ne5 Re8 15.
Be3 Bxe5 16.fxe5 Qg6 17.Qd2 h5 18.Qc3 cxd4 19.Bxd4 h4 20.Re3 Rh5 21.Rae1 
Bd7 22.Qb4+ Kg8 23.Qxb7 Be6 24.Qb3 Rg5 25.R3e2 a5 26.Qb5 Rc8 27.Qxa5 h3 
28.Qd2 Bg4 29.Rf2 Bf5 30.c3 Be4 31.g3 Rxg3+ 32.hxg3 Qxg3+ 33.Kf1 Bd3+ 34.
Ree2 g5 35.Qe3 Qxe3 36.Bxe3 g4 37.Rf4 f5 38.exf6 Kf7 39.Rxg4 Rh8 40.Rg1 
Rh5 41.Bd4 1-0

[Event "interzonal (w)"]
[Site "Chisinau MDA"]
[Date "1995.??.??"]
[Round "9"]
[White "Sakhatova, Elvira"]
[Black "Nikolin, Zorica"]
[Result "1-0"]
[WhiteElo "2340"]
[BlackElo "2235"]
[EventDate "1995.09.??"]
[PlyCount "80"]

1.e4 e5 2.Nf3 Nc6 3.Bc4 Nf6 4.d3 Be7 5.O-O O-O 6.Re1 d6 7.c3 Bg4 8.Bb3 d5 
9.Qe2 dxe4 10.dxe4 Bc5 11.h3 Bh5 12.Nbd2 Qe7 13.Bc2 a6 14.Nf1 Bg6 15.Bg5 
h6 16.Bh4 Nb8 17.Ne3 Bxe3 18.Qxe3 Nbd7 19.Bg3 Nh5 20.Bh2 Qf6 21.Rad1 Rfd8 
22.Rd2 Nf4 23.Red1 Qe7 24.Bxf4 exf4 25.Qxf4 Nc5 26.Ne5 Rxd2 27.Rxd2 Bh5 
28.b4 Re8 29.bxc5 Qxe5 30.Qxe5 Rxe5 31.g4 Rxc5 32.gxh5 Rxc3 33.Bb3 Kf8 34.
Kg2 Ke7 35.Rc2 Rxc2 36.Bxc2 Kd6 37.Kf3 c5 38.Bb3 f6 39.Ke3 b5 40.Bf7 a5 
1-0